| 000 | 00000nas 2200000za 4500 |
| 001 | 9.504019 |
| 003 | CaOODSP |
| 005 | 20210125140347 |
| 007 | cr ||||||||||| |
| 008 | 150406d20002002oncar p o f0 b0fre|d |
| 022 | |a1912-161X |
| 040 | |aCaOODSP|bfre |
| 043 | |an-cn--- |
| 086 | 1 |aCC171-1F-pdf |
| 110 | 2 |aCommission canadienne de sûreté nucléaire. |
| 245 | 10|aRapport annuel ... du personnel de la CCSN sur les centrales nucléaires au Canada |h[ressource électronique]. |
| 260 | |aOttawa : |bCommission canadienne de sûreté nucléaire |c2001-2003. |
| 310 | |aAnnuel |
| 362 | 0 |a2000-2002. |
| 775 | 08|tCNSC staff annual report for ... on the Canadian nuclear power industry |w(CaOODSP)9.507634 |
| 780 | 00|tRapport annuel ... des agents de la CCEA sur les centrales nucléaires au Canada |w(CaOODSP)9.503694 |
| 785 | 00|tRapport annuel ... du personnel de la CCSN sur le rendement en matière de sûreté des centrales nucléaires au Canada |w(CaOODSP)9.503691 |